| 000 | 00731nam a2200229 i 4500 | ||
|---|---|---|---|
| 001 | bg | ||
| 003 | BPK | ||
| 005 | 20200630132829.0 | ||
| 008 | 131017s1973 pl a |001 0 pol | ||
| 015 | _aPB 2013/31760 | ||
| 040 |
_aWA N _cBPK |
||
| 080 | _a544.723 | ||
| 100 | 1 |
_aOścik, Jarosław _d(1922- ). |
|
| 245 | 1 | 0 |
_aAdsorpcja / _cJarosław Ościk. |
| 260 |
_aWarszawa : _bPaństwowe Wydawnictwo Naukowe, _c1973. |
||
| 300 |
_a197, [2] s. : _bil. ; _c21 cm. |
||
| 504 | _aBibliogr. przy rozdz. Indeks. | ||
| 650 | 4 | _aAdsorpcja | |
| 710 | 2 |
_aPaństwowe Wydawnictwo Naukowe _4pbl. |
|
| 856 |
_uhttp://koha.tu.koszalin.pl/cgi-bin/koha/opac-detail.pl?biblionumber=17795 _yKatalog online BPK |
||
| 942 |
_2UKD _cKS |
||
| 999 |
_c17795 _d17795 |
||